| 000 | 00503nam a22001697a 4500 | ||
|---|---|---|---|
| 005 | 20251108164247.0 | ||
| 008 | 250721s1991 xx 000 0 ara d | ||
| 082 | 1 | 4 | _a792.09561/محم |
| 100 | 1 | _aرحومه، محمد محمود | |
| 245 | 1 | 0 |
_aالنص الغائب : _bدراسة في مسرح سعد الله ونوس / |
| 264 | 1 |
_aالقاهره : _bمكتبة الشباب، _c1991. |
|
| 300 | _a476ص | ||
| 650 | 1 | 7 | _aالمسرح |
| 650 | 1 | 7 | _aسورية |
| 942 |
_2ddc _cBK |
||
| 999 |
_c7720 _d7720 |
||